| 000 | 00780nam a22002417a 4500 | ||
|---|---|---|---|
| 999 |
_c11885 _d11885 |
||
| 003 | AR-CdUCM | ||
| 008 | 190405b ||||| |||| 00| 0 spa d | ||
| 020 | _a928-29-1175-3 | ||
| 040 |
_aMUNICIPALIDAD PROVINCIAL DEL CUSCO _cBIBLIOTECA MUNICIPAL DEL CUSCO |
||
| 082 |
_aEP / 808.068 / _bB39 |
||
| 100 |
_aBerenguer, Carmen _929481 |
||
| 245 | _aEl rey Mocho / | ||
| 260 |
_aMéxico : _bMadero, _c1987. |
||
| 300 | _c15 cm. | ||
| 440 |
_aColección de Chipichipi. _nLibros del rincon SEP. _929482 |
||
| 505 | _aContenido :El rey Mocho. | ||
| 650 |
_aCuentos tradicionales _925573 |
||
| 650 |
_aHistorietas _910786 |
||
| 700 |
_aUriba, Verónica (adaptación) _929483 |
||
| 700 |
_aHevia, Luz María (Ilustración) _929484 |
||
| 942 |
_2ddc _cLIBROS |
||
| 945 |
_arum _d2019-04-05 |
||